Central Library OPAC University of Rajshahi

The nature of prejudice / (Record no. 30547)

MARC details
000 -LEADER
fixed length control field 00738nam a2200241 i 4500
001 - CONTROL NUMBER
control field 30547
003 - CONTROL NUMBER IDENTIFIER
rucl marc code BD-RjUL
005 - DATE AND TIME OF LATEST TRANSACTION
control field 20211209051559.0
008 - FIXED-LENGTH DATA ELEMENTS--GENERAL INFORMATION
fixed length control field 140410r19551954maua b 001 0 eng d
035 ## - SYSTEM CONTROL NUMBER
System control number (BD-RjUL)30633
040 ## - CATALOGING SOURCE
Original cataloging agency DLC
Transcribing agency DLC
Modifying agency DLC
-- BD-RjUL
Language of cataloging eng
041 ## - LANGUAGE CODE
Language code of text/sound track or separate title eng
082 00 - DEWEY DECIMAL CLASSIFICATION NUMBER
Classification number 301.451042
Author mark and year ALN 1955
100 1# - MAIN ENTRY--PERSONAL NAME
Personal name Allport, Gordon W.
Fuller form of name (Gordon Willard),
Dates associated with a name 1897-1967.
9 (RLIN) 5425
245 14 - TITLE STATEMENT
Title The nature of prejudice /
Statement of responsibility, etc. Gordon W. Allport.
260 ## - PUBLICATION, DISTRIBUTION, ETC. (IMPRINT)
Place of publication, distribution, etc. Mass. :
Name of publisher, distributor, etc. The beacon Press,
Date of publication, distribution, etc. c1954 [reprinted 1955].
300 ## - PHYSICAL DESCRIPTION
Pagination xxxii, 537 p. :
Illustrations ill. ;
Size 22 cm.
504 ## - BIBLIOGRAPHY, ETC. NOTE
Bibliography, etc Includes bibliographical references and index.
650 #0 - SUBJECT ADDED ENTRY--TOPICAL TERM
Topical term or geographic name as entry element Prejudices.
9 (RLIN) 89556
942 ## - ADDED ENTRY ELEMENTS (KOHA)
Source of classification or shelving scheme Dewey Decimal Classification
Koha item type Books
Holdings
Lost status Source of classification or shelving scheme Damaged status Not for loan Collection code Permanent Location Current Location Shelving location Date acquired Source of acquisition Total Checkouts Full call number Date last seen Copy number Koha item type Cost, normal purchase price
  Dewey Decimal Classification     Non-fiction Central Library, University of Rajshahi Central Library, University of Rajshahi   01/10/1959 Asia Foundation, Gift.   301.451042 ALN 1955 10/04/2014 C-2 Books  
  Dewey Decimal Classification   Not For Loan Non-fiction Central Library, University of Rajshahi Central Library, University of Rajshahi Reading Room 01/10/1959 Asia foundation   301.451042 ALN 1955 13/04/2014 C-1 Books 0.00
  Dewey Decimal Classification     Non-fiction Central Library, University of Rajshahi Central Library, University of Rajshahi   01/10/1959 Asia Fundation Gift   301.451042 ALN 1955 20/04/2014 C-3 Books